[Event "Corus"]
[Site "Wijk aan Zee"]
[Date "2004.01.15"]
[Round "5"]
[White "Van Wely, Loek"]
[Black "Topalov, Veselin"]
[Result "1/2-1/2"]
[WhiteElo "2617"]
[BlackElo "2735"]
[Annotator "Golod,V"]
[PlyCount "52"]
[EventDate "2004.01.10"]
[EventType "tourn"]
[EventRounds "13"]
[EventCountry "NED"]
[EventCategory "19"]
[SourceTitle "CBM 099"]
[Source "ChessBase"]
[SourceDate "2004.03.30"]
[SourceVersion "1"]
[SourceVersionDate "2004.03.30"]
[SourceQuality "1"]

1. d4 Nf6 2. c4 e6 3. Nc3 Bb4 4. Qc2 d5 5. cxd5 exd5 6. Bg5 c5 (6... h6 $5 {
It's main line.See comments to Popov,V-Loginov,V/St.Petersburg,2003/CBM 95(1-0)
(Golod,V)(25)}) 7. a3 $5 {Rare move.Besides White has two alternatives:} (7.
Nf3 {You can see my annotations to game: Zhu Chen-Short,N/Dubai,2002/CBM 89
(0-1)(25)}) ({and} 7. dxc5 $5 {You can see comments to Alterman,B-Kortschnoj,V/
Groningen,1993/CBM 39(1/2-1/2)(Chekhov,V)(40)}) 7... Bxc3+ ({Also twice were
checked up in previous games:} 7... cxd4) 8. Qxc3 $5 ({On:} 8. bxc3 {you can
find five games in Mega DataBase 2004.}) 8... cxd4 $5 $146 {This continuation
is the next attempt to bring in a "new word " in theory of this variation.} ({
The games which have reached this position were continued as follows:} 8... c4
$5 {In this position I have found three games in Mega DataBase 2004.For an
example we shall consider latest of them:} 9. g3 Be6 10. Nh3 $5 Nbd7 11. Nf4
Qb6 12. Bg2 O-O 13. O-O h6 14. Bxf6 Nxf6 15. e3 Rad8 $11 {Arlandi,E-Sokolov,A/
Geneve,2001(1/2-1/2)(30)}) 9. Qxd4 ({It was very badly:} 9. Bxf6 $2 {because
of:} dxc3 10. Bxd8 $140 cxb2 11. Rb1 Kxd8 12. Rxb2 Kc7 {=/+/-/+}) 9... Nc6 10.
Qf4 ({Again impossibly:} 10. Bxf6 $4 {in view of:} Nxd4 11. Bxd8 Nc2+ 12. Kd1
Nxa1 $19 {[%csl Ya1,Rd8][%cal Ya1b3]}) 10... d4 $1 {[%csl Ra1,Re1,Yf4][%cal
Gd8a5] The correct decision! There is no sense to spend a tempo for the
following move:} (10... h6 $143 11. Bxf6 Qxf6 12. Qxf6 gxf6 13. Rd1 $14) 11.
Bxf6 {Differently, Black receive a excellent pieces game:} (11. Nf3 Qa5+ 12.
Qd2 (12. Nd2 $6 Nd5 13. Qe4+ Be6 $15) 12... Qf5 {[%csl Rd2,Rg5][%cal Gf6e4]}
13. Bxf6 (13. Qd3 $143 Ne4 14. Bh4 Nc5 $36) 13... Qxf6 14. e3 (14. Rd1 $2 Bg4
$1 $15 {[%cal Ga8d8]} 15. Nxd4 $140 $4 O-O-O $19 {[%csl Rd2,Rd4]}) 14... dxe3
15. Qxe3+ Kf8 16. Be2 Qxb2 17. O-O $44) 11... gxf6 $6 {A strange decision.
From my point of view, it was a much better:} (11... Qxf6 $5 12. Qxf6 gxf6 13.
g3 (13. Rd1 $5 Bf5 14. Nf3 O-O-O $11 {[%csl Re1][%cal Gh8e8]}) (13. e3 {
[%cal Gg1e2]} Bf5 $5 $11) 13... Bf5 14. Bg2 O-O-O 15. Nf3 (15. Kd2 $143 Na5 {
[%csl Rb3][%cal Ga5b3]} 16. Rc1+ Kb8 $36) 15... Rhe8 $11) 12. Nf3 $6 ({Can be
recommended:} 12. b4 $5 {[%csl Rd4][%cal Ya1d1,Yg1f3] (against Qa5+)} Be6 13.
Nf3 {with obvious advantage of White.}) 12... Qa5+ $1 13. Qd2 {White had no
other worthy alternative:} (13. b4 $4 Nxb4 {[%csl Ra1,Re1]}) (13. Nd2 Qe5 $11 {
[%cal Yc8e6]}) 13... Qxd2+ 14. Kxd2 {+/=/= After queens was exchanged White
can hope only for the minimal advantage.} (14. Nxd2 $143 Be6 15. g3 Bd5 16. Rg1
Ke7 17. Bg2 Bxg2 18. Rxg2 Rac8 $11 {[%csl Rg2][%cal Gh8d8]}) 14... Bf5 ({
Pretty dubiously:} 14... Bg4 $6 15. g3 {[%cal Gf1g2]} (15. h3 $5) 15... Bxf3
16. exf3 O-O-O 17. Rc1 $14 {[%cal Gf3f4,Yf1d3]}) 15. b4 {Probably it was
possible to continue the game without this move:} (15. Rc1 $5 Na5 {[%csl Rc1,
Rd2][%cal Ga5b3]} (15... Be4 16. e3 $14) 16. Nxd4 $140 Rd8 {[%csl Rc1,Rd2,Rd4]
[%cal Ga5b3]} 17. e3 $1 (17. Ke1 $143 Rxd4 $140 18. Rc5 {[%csl Ra5,Rf5][%cal
Ge2e3]} Nb3 19. Rxf5 Rd2 $132 {[%csl Rb2,Re1][%cal Gd2b2]}) (17. Ke3 $2 Rxd4 $1
18. Kxd4 Nb3+ {[%csl Rc1,Rd4]} 19. Kc3 Nxc1 20. e4 {[%csl Rc1,Gh1][%cal Gf1b5]}
Bxe4 (20... Na2+ $2 21. Kb3 Be6+ 22. Bc4 $16 {[%csl Ra2]}) 21. Bc4 Bxg2 22.
Rxc1 {=/=/+}) 17... Nb3+ 18. Kc3 Nxc1 (18... Nxd4 $2 19. exd4 Rc8+ 20. Kd2 $16)
19. Nxf5 {[%csl Rc1]} a6 $1 {[%csl Rc4][%cal Gb7b5,Gb5c4]} (19... Rc8+ $2 20.
Bc4 {[%csl Rc1,Rc8,Re8][%cal Gf5d6]} Rc5 {[%csl Rf5]} 21. Nd6+ Ke7 22. b4 $1 {
[%csl Rb7]} Rc7 23. Nf5+ Ke8 (23... Kf8 $143 24. Rd1 $1 {[%csl Rf8]}) 24. Kd4 {
[%csl Rc1]} (24. Rxc1 $2 b5 $1 25. Nd6+ $140 Ke7 26. Nxb5 Rxc4+ 27. Kxc4 Rc8+
28. Kd3 Rxc1 29. Nxa7 Ra1 $1 $14 {[%csl Ra3,Rf2,Rg2,Rh2][%cal Ga1a2]}) 24...
Rg8 (24... Rd7+ $143 25. Ke4) 25. Rxc1 Rxg2 26. h4 Rxf2 27. e4 {+/-/+-}) 20.
Bc4 b5 21. Bxb5+ axb5 22. Rxc1 Rc8+ 23. Kd2 Rxc1 24. Kxc1 $14) 15... O-O-O 16.
Rc1 {[%csl Rc6,Rc8][%cal Gb4b5]} Kb8 {Here Black's king is located in complete
safety.} 17. g3 a5 $1 {[%csl Ra3,Rb4] Differently White will finish
development: Bg2, Rhd1 or Rc5,Rhc1 and their position will be better.} 18. Bg2
({Leads to unnecessary complications:} 18. b5 Ne5 19. Bg2 Ng4 {[%csl Rf2]} (
19... Be6 $2 20. Nxe5 fxe5 21. Rc5 f6 22. b6 {[%csl Ra5]} Rd6 23. Rb1 {[%csl
Ra5][%cal Yb1b6,Gc5a5]}) 20. Rc5 (20. Rhf1 $6 d3 21. e3 Be4 $132 {[%csl Rg2]})
20... Be4 (20... Bg6 $5) 21. h3 Ne5 (21... Nxf2 $4 22. Rf1 {[%csl Rf2]} b6 23.
Rcc1 $18) 22. Rhc1 (22. Ne1 $6 b6 23. Rc1 f5 {[%csl Rd2][%cal Gd4d3]}) 22... d3
$1 23. Nxe5 dxe2+ 24. Kxe2 Bxg2 25. Ng4 (25. Nxf7 $4 Rhe8+ {[%csl Re2]}) 25...
Rhe8+ 26. Ne3 Bxh3 $11) 18... Be4 {[%csl Rg2] /^a8-h1} ({After:} 18... axb4 $2
{White have time to include the bishop in game:} 19. Nh4 {[%csl Gg2]} Bd7 (
19... Be6 20. Bxc6 bxc6 21. axb4 Kb7 22. Rc5 $14) 20. axb4 Nxb4 21. Rc4 {
[%csl Rb4,Rd4]} (21. Bxb7 $5 Kxb7 22. Rb1 $14 {[%csl Gb1,Rb4,Rb7]}) 21... Nc6
22. Rb1 {[%csl Rb8][%cal Gg2c6,Gc4c6]} Kc7 23. Bxc6 Bxc6 (23... bxc6 24. Rbc1
$1 $14 {[%csl Rc6,Rd4]}) 24. Nf5 $14 {[%csl Rd4]}) 19. Nh4 {This move does not
put the large problems for Black.} ({Leads to more interesting game:} 19. b5 $5
Na7 $140 (19... Ne7 $143 20. Rc4 $14) (19... Ne5 $2 20. Nxe5 Bxg2 21. Nxf7 Bxh1
22. Rxh1 $1 $16 {[%csl Rd8,Rh8]}) 20. b6 $1 (20. Rc5 $143 b6 21. Rh5 Bg6 $13 {
[%csl Rb5]}) (20. a4 Nc8 $13 {[%csl Ra4][%cal Gc8b6]}) 20... Nc8 21. Rc5 Nxb6
22. Rhc1 {[%csl Ra5][%cal Yc1c4,Yc5a5]} Rc8 23. Nh4 $44) 19... Bxg2 20. Nxg2
axb4 21. axb4 Nxb4 22. Rc4 $44 Nc6 {[%csl Yc6][%cal Yc6d4]} 23. Rb1 ({Hardly
it was better:} 23. Nf4 $5 Rd6 24. Rb1 Re8 {[%csl Ye8][%cal Ye8e5]}) 23... Ne5
24. Rcb4 Rd7 25. Nf4 Rc8 {<->c; ><c4 The game of Black corresponds to the
requirements of a position.} 26. Ra4 {[%csl Rd4][%cal Gb1b4]} Nc4+ (26... Rcd8
$6 {[%cal Gd4d3]} 27. Nd3 {[%cal Gb1b5]} Rc7 28. Rbb4 Nc6 29. Rb5 $14) (26...
Nc4+ {After this move the contenders is agreed for draw, because of next
variations:} 27. Kd3 (27. Ke1 Ne5 {[%cal Gd4d3,Gc8c2]} 28. Kd2 $11) 27... Ne5+
28. Kd2 (28. Ke4 $2 Re8 {[%csl Re4]} 29. Kf5 Ng6 $1 $15 {[%csl Re2,Rf5][%cal
Gd7d6,Ge8e5]}) 28... Nc4+ $11) 1/2-1/2

[Event "Amber-blindfold 13th"]
[Site "Monte Carlo"]
[Date "2004.03.28"]
[Round "8"]
[White "Shirov, Alexei"]
[Black "Topalov, Veselin"]
[Result "1/2-1/2"]
[WhiteElo "2736"]
[BlackElo "2735"]
[PlyCount "84"]
[EventDate "2004.03.20"]
[EventType "tourn (rapid)"]
[EventRounds "11"]
[EventCountry "MNC"]
[EventCategory "19"]
[SourceTitle "CBM 099 Extra"]
[Source "ChessBase"]
[SourceDate "2004.05.04"]
[SourceVersion "1"]
[SourceVersionDate "2004.05.04"]
[SourceQuality "1"]

1. e4 e5 2. Nf3 Nc6 3. Bb5 Nf6 4. O-O Nxe4 5. d4 Nd6 6. Bxc6 dxc6 7. dxe5 Nf5
8. Qxd8+ Kxd8 9. Nc3 h6 10. h3 Ne7 11. Ne4 b6 12. b3 Bd7 13. Bb2 c5 14. Ng3 Be6
15. Nh5 g5 16. Nd2 Ng6 17. c4 Kd7 18. Ne4 Kc6 19. g4 a6 20. a4 Rd8 21. Rfd1 Be7
22. f3 Rxd1+ 23. Rxd1 b5 24. axb5+ axb5 25. Ng7 bxc4 26. Nxe6 fxe6 27. bxc4 Rb8
28. Bc3 Nf4 29. Kf2 Nxh3+ 30. Ke3 Nf4 31. Rh1 Bf8 32. Ra1 Rd8 33. Nf2 Bg7 34.
Ra6+ Kb7 35. Ra5 Kb6 36. Ra2 Ng2+ 37. Ke2 Rf8 38. Ne4 Nh4 39. Rb2+ Kc6 40. Ra2
Kb6 41. Rb2+ Kc6 42. Ra2 Kb6 1/2-1/2

[Event "Amber-rapid 13th"]
[Site "Monte Carlo"]
[Date "2004.03.20"]
[Round "1"]
[White "Topalov, Veselin"]
[Black "Van Wely, Loek"]
[Result "1/2-1/2"]
[WhiteElo "2735"]
[BlackElo "2617"]
[PlyCount "96"]
[EventDate "2004.03.20"]
[EventType "tourn (rapid)"]
[EventRounds "11"]
[EventCountry "MNC"]
[EventCategory "19"]
[SourceTitle "CBM 099 Extra"]
[Source "ChessBase"]
[SourceDate "2004.05.04"]
[SourceVersion "1"]
[SourceVersionDate "2004.05.04"]
[SourceQuality "1"]

1. e4 c5 2. Nf3 Nc6 3. d4 cxd4 4. Nxd4 Nf6 5. Nc3 e5 6. Ndb5 d6 7. Bg5 a6 8.
Na3 b5 9. Bxf6 gxf6 10. Nd5 f5 11. Bd3 Be6 12. c3 Bg7 13. Qh5 O-O 14. O-O f4
15. Rfd1 Rb8 16. Nc2 Qd7 17. Qh4 f5 18. Ncb4 Nxb4 19. Nxb4 Bf6 20. Qh5 a5 21.
exf5 Bf7 22. Qh6 Bg7 23. Qh4 axb4 24. f6 Bg6 25. fxg7 Kxg7 26. cxb4 Rbc8 27.
Qg5 Qe6 28. Be4 Rf6 29. Bd5 Qd7 30. Rac1 h6 31. Qh4 Bc2 32. Re1 Bd3 33. h3 Rxc1
34. Rxc1 e4 35. b3 Qf5 36. Rc7+ Kf8 37. a4 e3 38. fxe3 fxe3 39. Bf3 e2 40. Rc1
bxa4 41. bxa4 Qf4 42. Qxf4 Rxf4 43. b5 Rxa4 44. b6 Rc4 45. Ra1 Ra4 46. Re1 Rb4
47. Bxe2 Bxe2 48. Rxe2 Rxb6 1/2-1/2

[Event "FIDE-Wch k.o."]
[Site "Tripoli"]
[Date "2004.06.19"]
[Round "1.1"]
[White "Topalov, Veselin"]
[Black "Abulhul, Tarik"]
[Result "1-0"]
[WhiteElo "2737"]
[BlackElo "2076"]
[Annotator "CB"]
[PlyCount "81"]
[EventDate "2004.06.19"]
[EventType "k.o."]
[EventRounds "7"]
[EventCountry "LBY"]
[SourceTitle "CBM 102"]
[Source "ChessBase"]
[SourceDate "2004.09.23"]
[SourceVersion "1"]
[SourceVersionDate "2004.09.23"]
[SourceQuality "1"]

1. Nf3 Nf6 2. c4 e6 3. Nc3 Bb4 4. Qb3 c5 5. g3 O-O 6. a3 Bxc3 7. Qxc3 b6 8. Bg2
Bb7 9. b4 d6 10. O-O Nbd7 11. d3 Rc8 {Wahrscheinlich war Herr Abulhul sehr
zufrieden hier. Gegen den Weltranglistenfunften vor den Augen des
Revolutionsfuhrers ist er nicht uberrannt worden, sondern dem Ausgleich nahe.}
12. e4 Qc7 13. b5 Rfe8 (13... d5 14. exd5 exd5 15. Bf4 $14 d4 $2 16. Nxd4 cxd4
17. Qd2 $16) 14. Re1 h6 15. Bh3 Rcd8 16. Ra2 Bc8 17. a4 e5 18. a5 Nf8 19. Bxc8
Rxc8 20. Bb2 Qd7 21. axb6 axb6 22. Nh4 Qh3 23. f3 Ne6 24. Qd2 Nh5 25. Nf5 Ng5
26. Qe3 Re6 27. Rf1 Kh7 28. Bc1 Rg6 29. Qf2 Re8 30. Qg2 Qxg2+ 31. Kxg2 Ne6 32.
Kf2 Ng5 33. Bxg5 {Der er erste Zug des Lc1 beendet das schwarze Gegenspiel.}
hxg5 34. Ra7 Rf6 35. Ne3 Rb8 36. Rfa1 Kg6 37. Rd7 Re6 38. Raa7 Rf8 39. Rdb7 Nf6
40. Rxb6 Rh8 41. Kg2 1-0

[Event "Zabala Memorial op"]
[Site "Bilbao"]
[Date "2004.10.12"]
[Round "3"]
[White "Strikovic, Aleksa"]
[Black "Topalov, Veselin"]
[Result "1/2-1/2"]
[WhiteElo "2470"]
[BlackElo "2757"]
[PlyCount "68"]
[EventDate "2004.10.12"]
[EventType "swiss (rapid)"]
[EventRounds "7"]
[EventCountry "ESP"]
[SourceTitle "CBM 102 Extra"]
[Source "ChessBase"]
[SourceDate "2004.11.03"]
[SourceVersion "1"]
[SourceVersionDate "2004.11.03"]
[SourceQuality "1"]

1. e4 e5 2. Nf3 Nc6 3. d4 exd4 4. Nxd4 Bc5 5. Be3 Qf6 6. c3 Nge7 7. Nc2 Bb6 8.
Be2 O-O 9. O-O Ng6 10. g3 d6 11. f4 Bh3 12. Rf2 Rae8 13. Nd2 Qd8 14. Bxb6 axb6
15. Ne3 Kh8 16. Bc4 Be6 17. Bd3 f6 18. a4 Bg8 19. b4 d5 20. Nxd5 f5 21. b5 fxe4
22. Bxe4 Bxd5 23. Bxd5 Qxd5 24. bxc6 Qxc6 25. Qf3 Ne5 26. Qxc6 Nxc6 27. Nf3 Re4
28. Rd2 h6 29. Nd4 Rd8 30. Rad1 Nxd4 31. Rxd4 Rdxd4 32. cxd4 Re2 33. Rc1 c6 34.
Rb1 Rd2 1/2-1/2

[Event "Aiaccio Masters"]
[Site "Ajaccio"]
[Date "2004.10.26"]
[Round "6.1"]
[White "Milov, Vadim"]
[Black "Topalov, Veselin"]
[Result "0-1"]
[WhiteElo "2683"]
[BlackElo "2757"]
[PlyCount "127"]
[EventDate "2004.10.25"]
[EventType "k.o. (rapid)"]
[EventRounds "1"]
[EventCountry "FRA"]
[SourceTitle "EXT 2005"]
[Source "ChessBase"]
[SourceDate "2004.11.15"]
[SourceVersion "1"]
[SourceVersionDate "2004.11.15"]
[SourceQuality "1"]

1. d4 Nf6 2. c4 e6 3. Nc3 Bb4 4. e3 O-O 5. Nge2 d5 6. a3 Bd6 7. c5 Be7 8. b4 b6
9. Nf4 c6 10. Be2 Nbd7 11. Bb2 bxc5 12. bxc5 Qc7 13. O-O Rb8 14. Rb1 e5 15. Nd3
exd4 16. exd4 a5 17. Qc2 Re8 18. Bc1 Rxb1 19. Nxb1 Ba6 20. Nc3 Nf8 21. Be3 N6d7
22. Qd2 Bf6 23. Nf4 Bxe2 24. Ncxe2 g6 25. Rb1 h5 26. h3 Bg7 27. Qd3 Ra8 28. Nc3
Nh7 29. Nfe2 Nhf8 30. Bf4 Qa7 31. Na4 Ne6 32. Bd6 Re8 33. Nac3 h4 34. Rb3 Bf6
35. Rb1 Ng7 36. Bf4 Nf5 37. Kf1 Kg7 38. Bh2 Rc8 39. Bf4 Nf8 40. Na4 Ne6 41. Be3
Re8 42. Kg1 Ng5 43. Bf4 Qe7 44. Nac3 Ne4 45. Nxe4 Qxe4 46. Qxe4 Rxe4 47. Kf1
Nxd4 48. Nxd4 Rxd4 49. Be3 Rc4 50. Ke2 d4 51. Bd2 Rxc5 52. Kd3 Bg5 53. Be1 Bf6
54. Rb6 Rc1 55. Bxa5 c5 56. Rc6 Rg1 57. Rxc5 Rxg2 58. Rc2 Rh2 59. a4 Rxh3+ 60.
Kc4 Ra3 61. Kb5 h3 62. Bc7 Rc3 63. Rxc3 dxc3 64. a5 0-1

[Event "Corus"]
[Site "Wijk aan Zee"]
[Date "2005.01.29"]
[Round "12"]
[White "Topalov, Veselin"]
[Black "Leko, Peter"]
[Result "1/2-1/2"]
[WhiteElo "2757"]
[BlackElo "2749"]
[Annotator "Golod,V"]
[PlyCount "83"]
[EventDate "2005.01.15"]
[EventType "tourn"]
[EventRounds "13"]
[EventCountry "NED"]
[EventCategory "19"]
[SourceTitle "CBM 105"]
[Source "ChessBase"]
[SourceDate "2005.04.11"]
[SourceVersion "1"]
[SourceVersionDate "2005.04.11"]
[SourceQuality "1"]

{[%mdl 2][%evp 0,83,19,19,27,-2,-2,0,26,-27,2,-24,-24,-23,-15,-4,0,-41,-24,-72,
-55,-66,-31,-20,-16,-40,-28,-30,-31,-46,-17,-33,-14,-3,-6,-21,-15,-10,14,-18,
-16,-38,-33,-14,12,16,18,25,19,-27,20,-8,-15,15,13,10,20,12,48,48,52,66,31,31,
31,44,44,29,39,18,74,1,29,-29,-43,-43,-56,-53,-53,-175,28,-22,16,-73,-22,-146]
} 1. d4 Nf6 2. c4 e6 3. Nc3 Bb4 4. Qc2 O-O 5. a3 Bxc3+ 6. Qxc3 b6 7. Bg5 Bb7 8.
Nf3 d6 9. Nd2 Nbd7 10. e3 Rc8 11. f3 {White tried to play this variation
without a this quiet move:} (11. b4 $5 {For further details you can see my
comments to game: Seirawan,Y-Gelfand,B/Istanbul,2000/CBM 80(1/2-1/2)(67)})
11... c5 12. dxc5 {In my opinion,a little better is:} (12. Be2 $5 {See my
annotations to Mikhalchishin,A-Graf,A/Leipzig,2002/CBM 89(1/2-1/2)(37)}) 12...
Rxc5 {This capture much more logically,than for example:} (12... bxc5 $6 13.
Bd3 h6 14. Bh4 Qb6 15. O-O d5 16. Bf2 a5 17. Rfd1 Bc6 18. Rab1 $14 {Hoang
Thanh Trang-Ghorbani,M/Calcutta,2001(1-0)(68)}) 13. Bh4 d5 {It's necessary to
open a <->c.} ({It deserves serious attention:} 13... Rc8 $5 14. Be2 d5 15. O-O
Ba6 16. a4 Ne4 $1 17. Nxe4 Qxh4 18. Nd6 Rc7 19. b3 $11 {1/2-1/2 Onischuk,
A-Epishin,V/Germany,2000}) 14. b4 Rc8 15. Qb2 {White correctly are afraid to
keep his queen in <->c.} Qc7 $5 ({Also once was checked in the preceding game:
} 15... Re8 16. Be2 Qc7 17. O-O Qe5 18. Qxe5 Nxe5 19. Rfc1 {+/=/= Wang
Lei-Karpov,A/Beijing,1998(1/2-1/2)(34)}) 16. Bg3 ({Is a possible continuation
of the play:} 16. Be2 dxc4 $6 (16... e5 $5) 17. Nxc4 Rfe8 18. O-O Bd5 19. Rac1
$14 {Wiley,T-Vyskocil,N/Brno,2003(1-0)(39)}) 16... e5 17. Bd3 $146 {Probably
Veselin Topalov has prepared this continuation directly for this game.} ({On:} 
17. Be2 {I have found three games in Mega DataBase 2005. For an example we
shall consider most interesting of them:} Nh5 18. Bf2 d4 (18... dxc4 $5) 19.
O-O dxe3 20. Bxe3 Nf4 21. Bxf4 exf4 22. Nb3 Rfe8 23. Rfd1 Re3 $13 {For further
details you can see annotations to game: Chekhov,V-Onischuk,A/Deutschland,1996/
Inf 66/459(1-0)(Chekhov,V)(39)}) 17... Ba6 {/^a6-f1; קc4} 18. b5 ({After:} 18.
Rc1 $6 dxc4 19. Bxc4 (19. Nxc4 $4 b5 {צc1}) 19... Bxc4 (19... b5 $4 20. Bxf7+
Rxf7 21. Rxc7 Rxc7 22. O-O $18) 20. Rxc4 $8 (20. Nxc4 $4 b5 {צc1}) 20... Qd6 {
Black has more comfortable position.}) 18... Bb7 {Black agree to lose two
tempos behind the control above a point "c5".} 19. O-O {At last,White have
hidden the king and now can quietly begin game on centre and queen side.} Qc5
$5 {Black has selected the most resolute continuation.} 20. Rfe1 $140 (20. Bf2
$143 e4 21. fxe4 dxe4 22. Be2 Qg5 {/\Ng4 or Nc5-d3|^}) 20... e4 21. fxe4 dxe4
$132 22. Nb3 {With the help of tempos White improve a position of the pieces.}
({It was dubiously:} 22. Bf1 $6 {in view of:} Nh5 (22... Ng4 $143 23. Qd4) 23.
Bf2 Ne5 {/\Nd3|^}) 22... Qg5 23. Bf4 Qg6 24. Bf1 {All white's pieces are
located ideally. Veselin Topalov plans to begin movement of pawn "a" with
strong pressure on the queen side.Therefore Black are obliged to create
threats to the contender's K.} Rfe8 25. Rad1 Nf8 $1 {Successful regrouping of
forces.From a field "e6" the knight can be included in attacking actions of
his army on the king side.} 26. a4 Ne6 27. Bg3 Nh5 28. Bh4 $6 (28. Be5 $2 Ng5
$1 {/\Nf3 and even after:} 29. Kh1 {all the same very strongly:} Nf3 $1 30.
gxf3 exf3 {[%csl Gb7,Re5,Rh1][%cal Gf3f2]} 31. e4 Bxe4 $19) ({Can be
recommended:} 28. Bf2 $5 Ng5 29. Kh1 Nf6 {/\Ng4} 30. Bg3 $13) 28... Ng5 {
IM Nikolai Vlassov makes the following comments in www.chesstoday.net:
"Black's cavalry is trying to frighten the white king ". Further I shall
designate comments of Nikolai Vlassov- N.V.} 29. Kh1 Nf6 30. a5 $6 ({It
deserves more attention:} 30. Qf2 {with idea to prevent "Nf3".}) 30... Nf3 $1 {
N.V." And it suddenly turns out that those threats were not empty ".} 31. gxf3
{White accept a sacrifice of knight. I do not think that it was much better:} (
31. a6 Nxh4 (31... Ba8 $5) 32. axb7 Rc7 $15) 31... exf3 {[%csl Gb7,Re1,Rh1]
[%cal Gf3f2]} 32. Bf2 (32. Qf2 $4 {is refuted by:} Ng4 33. Qg3 $140 f2+) 32...
Rxc4 $1 33. e4 (33. Bxc4 $4 Qg2#) (33. Nd4 $5 Ne4 $36) 33... Rcxe4 34. Rxe4
Bxe4 {Behind knight Black already has PPP, with continuing attack.} 35. Nd2 (
35. axb6 axb6 36. Nd2 (36. Bxb6 $4 f2+) 36... Bd5 {/\Ng4 or /\Re2->}) 35... Bd5
$1 $40 {[%csl Rh1][%cal Gf6g4,Ge8e2] Peter Leko prepares the following
brilliant move.} ({Leads to favourable simplifications for White:} 35... Ng4 $2
36. Nxe4 Qxe4 37. axb6 axb6 38. h3 Nxf2+ (38... Qa4 39. Rd4 Nxf2+ 40. Qxf2 $16)
39. Qxf2 $16) 36. h3 Re2 $1 $17 ({N.V." It deserves attention:} 36... bxa5 $5 {
- the Pa5 could play an important role,distracting White's forces ".}) 37. Rc1
{[%csl Rg8][%cal Gc1c8]} h5 $5 (37... h6 $142 $1 {With the idea to not occupy
a field h5. This point intended for the knight (/\Nh5-g3->).}) 38. Qd4 $8 {
Immediately loses the following move:} (38. Rc8+ $2 Kh7 39. Qd4 $140 Re1 $1 {
/\Qg2#} 40. Kh2 (40. Bxe1 f2+ 41. Qxd5 Qg1#) 40... Rxf1 41. Bg3 Rh1+ 42. Kxh1
Qxg3 $19) 38... Qg5 ({N.V." Again interesting was:} 38... bxa5 {".}) 39. axb6 {
White had no other worthy alternative:} (39. Rd1 $143 bxa5 $1 {and absolutely
not clearly what to do further?}) (39. Rc2 $2 Re1 $1 40. Rc8+ Kh7 41. Kh2 (41.
Qd3+ Be4 42. Nxf3 Qf5 $19) 41... Rxf1 42. Qd3+ Ne4 43. Qxf1 Qxd2 44. Kg1 Be6
$19) 39... axb6 {Black correctly was afraid to take the knight:} (39... Qxd2 $2
40. Qxd2 Rxd2 41. Be3 Re2 $1 (41... Ra2 $2 42. bxa7 {[%csl Ga7,Gb5]}) 42. Bxe2
fxe2+ 43. Kg1 axb6 44. Kf2 (44. Bxb6 $143 Bc4 45. Bd4 Bxb5 46. Bxf6 gxf6 47.
Kf2 $11) 44... Be6 45. Bxb6 Bd7 $1 {[%csl Rb5][%cal Gf6e4]} 46. Rb1 (46. Kxe2
Bxb5+ 47. Kf3 $11) 46... Ne4+ 47. Ke1 Nc3 48. Rb3 Nxb5 49. Kxe2 $11) (39...
Rxd2 $2 40. Qe3 (40. h4 $2 Qh6 41. Rc8+ (41. Bd3 Rxd3 42. Rc8+ Kh7 43. Qxd3+
Be4 44. Qd8 Qf4 $19) 41... Kh7 42. Bd3+ Rxd3 43. Qxd3+ Be4 $19) 40... Qxe3 (
40... Ne4 $143 41. Qxg5 Nxg5 42. Be3 f2+ 43. Kh2 Nf3+ 44. Kg2 axb6 45. Bxd2
Nxd2+ 46. Kxf2 {and in this endgame only White has some chances of a win.}) 41.
Bxe3 Re2 $1 {transfers to 39...Qxd2}) 40. Rd1 Qg6 ({It deserves serious
attention:} 40... Kh7 $5 41. Qd3+ g6 {/\Ng4}) 41. Kh2 Qg5 42. Kh1 {In the last
round Peter has made a fast draw against Judit Polgar and has occupied in
result a sole first place!!! I join to numerous congratulations to Peter Leko
with a brilliant victory in Wijk aan Zee 2005!  N.V. "The opponents agreed a
draw after this move - the tournament situation dictated caution to Leko.
Meanwhile here Leko had an excellent chance to end the fight for the first
place one day earlier:} (42. Kh1 Kh7 $1 {It's a zugzwang for White - he
doesn't have good moves:} 43. Kh2 {And here almost every road leads to Rome 
(Black's win). From fantastic:} g6 ({to the simple:} 43... Bb3 44. Nxf3 Rxf2+
45. Qxf2 Qf4+ 46. Qg3 Qxg3+ 47. Kxg3 Bxd1 $19) ({or} 43... h4 44. Kh1 Be4 $19)
44. Kh1 Ng4 $1 45. hxg4 hxg4 46. Kg1 Rxf2 $1 47. Kxf2 $140 (47. Qxf2 $2 g3 {
[%csl Rf2,Rg1][%cal Gf3f2]}) 47... g3+ 48. Ke1 (48. Kg1 $2 Qh6 {/\Qh2# -+})
48... Qe7+ 49. Ne4 Bxe4 50. Kd2 g2 $1 51. Bc4 Qh4 $19 {and black's pawns will
soon become queens ".}) 1/2-1/2